000 00297nam a2200097Ia 4500
008 220204s9999 xx 000 0 und d
082 _a685.6:382.6(540)
_bSPO
245 0 _aOverseas documentation requirements for sports goods exports from India
260 _aNew Delhi
_bSports Goods EPC
942 _cBK
999 _c22207
_d22207